Top 10 Länder, die am meisten Weizen produzieren - Statistiken

Allgemein
  • Dieses Quiz wurde 3.298 mal gespielt
  • Das Durchschnittsergebnis liegt bei 8 aus 10
Antwortstatistiken
Tonnen Land % Korrekt
49.7 mil Vereinigte Staaten
97%
134 mil China
96%
22.2 mil Deutschland
95%
85.9 mil Russland
95%
24.9 mil Ukraine
88%
30.1 mil Frankreich
86%
35.2 mil Kanada
83%
108 mil Indien
81%
20.5 mil Türkei
47%
25.2 mil Pakistan
35%
Keine übereinstimmenden Quizze gefunden
Verteilung der Resultate
Anzahl Personen mit jedem Resultat
Perzentil nach korrekt beantworteten Fragen
Ihre Resultats-Entwicklung
Sie haben dieses Quiz noch nicht gespielt